Normal view
MARC view
Entry Personal Name
001 - CONTROL NUMBER
- control field: 25140
003 - CONTROL NUMBER IDENTIFIER
- control field: dpl
005 - DATE AND TIME OF LATEST TRANSACTION
- control field: 20101229124655.0
008 - FIXED-LENGTH DATA ELEMENTS
- fixed length control field: 101229|||a|||||| | ||| d
040 ## - CATALOGING SOURCE
- Original cataloging agency: dpl
- Transcribing agency: dpl
100 ## - HEADING--PERSONAL NAME
- Personal name: Baby Deepa, V.
670 ## - SOURCE DATA FOUND
- Source citation: Work cat.: (dpl)40957: Baby Deepa, V., Data mining and data warehousing /, 2009
670 ## - SOURCE DATA FOUND
- Source citation: Work cat.: (dpl)40957: Baby Deepa, V., Data mining and data warehousing /, 2009
